<?xml version="1.0" encoding="UTF-8"?>
<record
    xmlns:xsi="http://www.w3.org/2001/XMLSchema-instance"
    xsi:schemaLocation="http://www.loc.gov/MARC21/slim http://www.loc.gov/standards/marcxml/schema/MARC21slim.xsd"
    xmlns="http://www.loc.gov/MARC21/slim">

  <leader>01909nam a22002417a 4500</leader>
  <controlfield tag="003">OSt</controlfield>
  <controlfield tag="005">20220112154218.0</controlfield>
  <controlfield tag="008">120612t        xxu||||| |||| 00| 0 eng d</controlfield>
  <datafield tag="020" ind1=" " ind2=" ">
    <subfield code="a">9780071289146</subfield>
  </datafield>
  <datafield tag="020" ind1=" " ind2=" ">
    <subfield code="a">0071289143</subfield>
  </datafield>
  <datafield tag="040" ind1=" " ind2=" ">
    <subfield code="c">LC</subfield>
  </datafield>
  <datafield tag="050" ind1=" " ind2=" ">
    <subfield code="a">HG4521.B63</subfield>
  </datafield>
  <datafield tag="100" ind1=" " ind2=" ">
    <subfield code="a">Bodie, Zvi.</subfield>
  </datafield>
  <datafield tag="245" ind1=" " ind2=" ">
    <subfield code="a">Investments and portfolio management. /</subfield>
    <subfield code="c">Zvi Bodie, Alex Kane and Alan J. Marcus.</subfield>
  </datafield>
  <datafield tag="250" ind1=" " ind2=" ">
    <subfield code="a">9th edition</subfield>
    <subfield code="b">(Global edition)</subfield>
  </datafield>
  <datafield tag="260" ind1=" " ind2=" ">
    <subfield code="a">New York:</subfield>
    <subfield code="b">McGraw-Hill,</subfield>
    <subfield code="c">2011.</subfield>
  </datafield>
  <datafield tag="300" ind1=" " ind2=" ">
    <subfield code="a">1020 p. + [various pagings].:</subfield>
    <subfield code="b">ill.;</subfield>
  </datafield>
  <datafield tag="500" ind1=" " ind2=" ">
    <subfield code="a">Includes index.</subfield>
  </datafield>
  <datafield tag="505" ind1=" " ind2=" ">
    <subfield code="a">Contents: 1. Introduction: The Investment environment -- Asset classes and financial instruments -- How securities are traded -- Mutual funds and other investment companies -- 2. Portfolio theory and practice: Introduction to risk, return and the historical record -- Risk aversion and capital allocation to risky assets -- Optimal risky portfolios -- Index models -- 3. Equilibrium in capital markets: The Capital asset pricing model -- Arbitrage pricing theory and multifactor models of risk and return -- The Efficient market hypothesis -- Behavioral finance and technical analysis -- Empirical evidence on security returns -- 4. Fixed-Income securities: Bond prices and yields -- The Term structure of interest rates -- Managing bond portfolios -- 5. Options , futures and other derivatives: Options markets: introduction -- Option valuation -- Futures markets -- Futures, swaps and risk management -- 6. Security analysis: Macroeconomic and industry analysis -- Equity valuation models -- Financial statement analysis -- 7. Applied portfolio management: Portfolio performance evaluation -- International diversification -- Hedge funds -- The Theory of active portfolio management -- Investment policy and the framework of the CFA institute --</subfield>
  </datafield>
  <datafield tag="700" ind1=" " ind2=" ">
    <subfield code="a">Kane, Alex. </subfield>
  </datafield>
  <datafield tag="700" ind1=" " ind2=" ">
    <subfield code="a">Marcus, Alan J. </subfield>
  </datafield>
  <datafield tag="942" ind1=" " ind2=" ">
    <subfield code="2">lcc</subfield>
    <subfield code="c">BK</subfield>
  </datafield>
  <datafield tag="999" ind1=" " ind2=" ">
    <subfield code="c">8383</subfield>
    <subfield code="d">15883</subfield>
  </datafield>
  <datafield tag="952" ind1=" " ind2=" ">
    <subfield code="0">0</subfield>
    <subfield code="1">0</subfield>
    <subfield code="2">lcc</subfield>
    <subfield code="4">0</subfield>
    <subfield code="7">0</subfield>
    <subfield code="a">WIUC-KL</subfield>
    <subfield code="b">WIUC-KL</subfield>
    <subfield code="c">GEN</subfield>
    <subfield code="d">2019-10-23</subfield>
    <subfield code="l">0</subfield>
    <subfield code="o">HG4521.B63(9e)</subfield>
    <subfield code="p">K/292/292/19</subfield>
    <subfield code="r">2022-01-11 00:00:00</subfield>
    <subfield code="t">1</subfield>
    <subfield code="w">2022-01-11</subfield>
    <subfield code="y">BK</subfield>
  </datafield>
  <datafield tag="952" ind1=" " ind2=" ">
    <subfield code="0">0</subfield>
    <subfield code="1">0</subfield>
    <subfield code="2">lcc</subfield>
    <subfield code="4">0</subfield>
    <subfield code="7">0</subfield>
    <subfield code="a">WIUC-KL</subfield>
    <subfield code="b">WIUC-KL</subfield>
    <subfield code="c">GEN</subfield>
    <subfield code="d">2019-10-23</subfield>
    <subfield code="l">0</subfield>
    <subfield code="o">HG4521.B631(9e)</subfield>
    <subfield code="p">K/293/293/19</subfield>
    <subfield code="r">2022-01-12 00:00:00</subfield>
    <subfield code="t">2</subfield>
    <subfield code="w">2022-01-11</subfield>
    <subfield code="y">BK</subfield>
  </datafield>
  <datafield tag="952" ind1=" " ind2=" ">
    <subfield code="0">0</subfield>
    <subfield code="1">0</subfield>
    <subfield code="2">lcc</subfield>
    <subfield code="4">0</subfield>
    <subfield code="7">0</subfield>
    <subfield code="a">WIUC-KL</subfield>
    <subfield code="b">WIUC-KL</subfield>
    <subfield code="c">GEN</subfield>
    <subfield code="d">2019-10-23</subfield>
    <subfield code="l">0</subfield>
    <subfield code="o">HG4521.B632(9e)</subfield>
    <subfield code="p">K/295/295/19</subfield>
    <subfield code="r">2022-01-12 00:00:00</subfield>
    <subfield code="t">3</subfield>
    <subfield code="w">2022-01-11</subfield>
    <subfield code="y">BK</subfield>
  </datafield>
</record>
